Normal view
MARC view
- Mr. Fazil Azim
Entry Personal Name
001 - CONTROL NUMBER
- control field: 17630
003 - CONTROL NUMBER IDENTIFIER
- control field: NUST
005 - DATE AND TIME OF LATEST TRANSACTION
- control field: 20190715054253.0
008 - FIXED-LENGTH DATA ELEMENTS
- fixed length control field: 190715|| aca||aabn | a|a d
040 ## - CATALOGING SOURCE
- Original cataloging agency: NUST
- Transcribing agency: NUST
100 ## - HEADING--PERSONAL NAME
- Personal name: Mr. Fazil Azim
670 ## - SOURCE DATA FOUND
- Source citation: Work cat.: (NUST): Shaukat, Arsalan 17628, Impact of Oil Prices on Stock Markets : Empirical Evidence from Pakistan /, 2014.
